000 01273cam a2200421 4500
001 L129996
008 020402n2005 000 0 eng u
035 _a(Sirsi) u129996
041 _aeng
050 _a306.1094
_c18
100 _aBall, Michael
245 _aRICS European housing review 2005
_bexecutive summary
_h[electronic resource]
260 _aLondon
_bRICS
_c2005
300 _a14p.
520 _aExecutive summary of the main report which examines the macroeconomic and demographic influences on the main European housing markets.
650 _aEUROPE
650 _aAUSTRIA
650 _aBELGIUM
650 _aDENMARK
650 _aFINLAND
650 _aFRANCE
650 _aGERMANY
650 _aGREECE
650 _aHUNGARY
650 _aIRELAND
650 _aITALY
650 _aNETHERLANDS
650 _aPOLAND
650 _aPORTUGAL
650 _aSPAIN
650 _aSWEDEN
650 _aSWITZERLAND
650 _aUNITED KINGDOM
650 _aANNUAL REVIEW OF EUROPEAN HOUSING
690 _aPROPERTY-RESIDENTIAL PROPERTY-RESIDENTIAL PROPERTY MARKET
856 _uhttps://www.rics.org/site/download_feed.aspx?fileID=7284&fileExtension=PDF
_zView the report free of charge on the www.rics.org website.
942 _n0
999 _c104325
_d104325